[Event "POL-chT 1st League"]
[Site "Poronin"]
[Date "2016.09.11"]
[Round "9.3"]
[White "Sapeta, Robert"]
[Black "Bardeli, Lukasz"]
[Result "0-1"]
[WhiteElo "2075"]
[BlackElo "2188"]
[PlyCount "52"]
[EventDate "2016.09.03"]
[EventType "team-tourn"]
[EventRounds "9"]
[EventCountry "POL"]
[SourceTitle "CBM 174 Extra"]
[Source "ChessBase"]
[SourceDate "2016.10.10"]
[SourceVersion "1"]
[SourceVersionDate "2016.10.10"]
[SourceQuality "1"]
[WhiteTeam "Pawlowice Gminy"]
[BlackTeam "Gniezno LKS Chrobry"]
[WhiteTeamCountry "POL"]
[BlackTeamCountry "POL"]

1. e4 c5 2. Nf3 Nc6 3. Bb5 Nf6 4. e5 Nd5 5. 0-0 g6 6. Nc3 Nxc3 7. dxc3 Qc7 8. Re1 Bg7 9. Qd5 b6 10. e6 fxe6 11. Rxe6 Bb7 12. Re1 Ne5 13. Rxe5 Bxd5 14. Rxd5 Rd8 15. Bg5 Bf6 16. Bh6 Kf7 17. Rad1 d6 18. Bc4 e6 19. Re1 b5 20. Rxc5 Qxc5 21. Bxe6+ Ke7 22. Nd4 Rhe8 23. Re4 d5 24. Re3 Bxd4 25. cxd4 Qxd4 26. Bg4+ Kd6 0-1

[Event "POL-chT 1st League"]
[Site "Jastrzebia Gora"]
[Date "2015.09.12"]
[Round "8.10"]
[White "Plichta, Kamil"]
[Black "Sapeta, Robert"]
[Result "1-0"]
[WhiteElo "2342"]
[BlackElo "2082"]
[PlyCount "65"]
[EventDate "2015.09.05"]
[EventType "team-tourn"]
[EventRounds "9"]
[EventCountry "POL"]
[SourceTitle "EXT 2016"]
[Source "ChessBase"]
[SourceDate "2015.10.08"]
[SourceVersion "1"]
[SourceVersionDate "2015.10.08"]
[SourceQuality "1"]
[WhiteTeam "Wisznia Mala"]
[BlackTeam "Pawlowice Gminy"]
[WhiteTeamCountry "POL"]
[BlackTeamCountry "POL"]

1. c4 e5 2. g3 f5 3. Nc3 Nf6 4. Nf3 e4 5. Nh4 d5 6. cxd5 c6 7. dxc6 Nxc6 8. d3 Bc5 9. e3 g5 10. d4 gxh4 11. dxc5 Qxd1+ 12. Nxd1 Ne5 13. Be2 Nf3+ 14. Bxf3 exf3 15. b4 Ne4 16. Bb2 Rg8 17. Nc3 Be6 18. Nxe4 fxe4 19. 0-0-0 Bc4 20. Rd6 Rg6 21. Rxg6 hxg6 22. gxh4 Rd8 23. Rg1 Kf7 24. h5 gxh5 25. Rg7+ Ke6 26. Rxb7 Rd3 27. Rh7 Rxe3 28. Rh6+ Kd7 29. c6+ Kc8 30. Be5 Rd3 31. c7 Kb7 32. Rc6 Kxc6 33. c8Q+ 1-0

[Event "POL-chT 1st League"]
[Site "Jastrzebia Gora"]
[Date "2015.09.06"]
[Round "2.29"]
[White "Sapeta, Robert"]
[Black "Tomaszewski, Roman"]
[Result "1/2-1/2"]
[WhiteElo "2082"]
[BlackElo "2315"]
[PlyCount "114"]
[EventDate "2015.09.05"]
[EventType "team-tourn"]
[EventRounds "9"]
[EventCountry "POL"]
[SourceTitle "EXT 2016"]
[Source "ChessBase"]
[SourceDate "2015.10.08"]
[SourceVersion "1"]
[SourceVersionDate "2015.10.08"]
[SourceQuality "1"]
[WhiteTeam "Pawlowice Gminy"]
[BlackTeam "Czestochowa Hetman"]
[WhiteTeamCountry "POL"]
[BlackTeamCountry "POL"]

1. e4 c6 2. d4 d5 3. e5 c5 4. dxc5 Nc6 5. Bb5 e6 6. Nf3 Bxc5 7. 0-0 Nge7 8. c3 Bd7 9. Bd3 Qc7 10. b4 Bb6 11. Re1 Ng6 12. Qe2 0-0 13. b5 Nce7 14. Nd4 Nf5 15. Nb3 f6 16. exf6 Rxf6 17. Bxf5 Rxf5 18. Be3 Bxe3 19. Qxe3 Re5 20. Qd2 Bxb5 21. Na3 Bd7 22. Rxe5 Nxe5 23. Re1 Ng4 24. f4 Nf6 25. Nd4 Ne4 26. Qe3 Qxc3 27. Qxc3 Nxc3 28. Nxe6 Re8 29. f5 Nxa2 30. Ra1 Nc3 31. Nc5 Bc6 32. Nc2 a6 33. Ne6 Bd7 34. Ncd4 Nb5 35. Nxb5 Bxb5 36. Nc7 Rd8 37. Nxb5 axb5 38. Kf2 Kf7 39. Rb1 Kf6 40. Rxb5 Rd7 41. g4 Ke5 42. Ke3 Rc7 43. Rb6 Rc3+ 44. Kd2 Rh3 45. Rxb7 Rxh2+ 46. Kd3 Rh3+ 47. Ke2 Kf6 48. Kf2 d4 49. Rd7 d3 50. Kg2 Re3 51. Kf2 Re2+ 52. Kf3 Rd2 53. Kf4 h6 54. Rd6+ Ke7 55. Rd4 Rd1 56. Ke3 Kf6 57. Rd6+ Kf7 1/2-1/2

[Event "POL-chT 2st League"]
[Site "Mrzezyno"]
[Date "2010.09.06"]
[Round "3.17"]
[White "Sapeta, Robert"]
[Black "Dubas, Leszek"]
[Result "0-1"]
[WhiteElo "2098"]
[BlackElo "2152"]
[PlyCount "76"]
[EventDate "2010.09.04"]
[EventType "team-swiss"]
[EventRounds "9"]
[EventCountry "POL"]
[SourceTitle "EXT 2019"]
[Source "ChessBase"]
[SourceDate "2018.10.10"]
[SourceVersion "1"]
[SourceVersionDate "2018.10.10"]
[SourceQuality "1"]
[WhiteTeam "Pawlowice GKS Pniowek 74"]
[BlackTeam "Pilzno GKSz Hetman"]
[WhiteTeamCountry "POL"]
[BlackTeamCountry "POL"]

1. e4 g6 2. d4 Bg7 3. Nc3 c6 4. Bc4 d5 5. exd5 b5 6. Bb3 b4 7. dxc6 bxc3 8. bxc3 Nf6 9. Qf3 Bg4 10. c7 Qxc7 11. Qxa8 0-0 12. Rb1 Nbd7 13. Qb7 Qxc3+ 14. Bd2 Qxd4 15. f3 Nc5 16. Qb4 Qe5+ 17. Kf2 Nfe4+ 18. fxe4 Nxe4+ 19. Qxe4 Qxe4 20. Be3 a5 21. a4 Bd4 22. Bxd4 Qxd4+ 23. Kg3 g5 24. Nf3 Qf4+ 25. Kf2 Bxf3 26. gxf3 Rc8 27. Rbe1 Rc3 28. Ke2 Rxf3 29. Rhf1 Rxf1 30. Rxf1 Qxh2+ 31. Rf2 Qe5+ 32. Kd3 e6 33. Re2 Qc5 34. Re4 h5 35. Rc4 Qe5 36. Rc8+ Kg7 37. c4 g4 38. c5 g3 0-1

[Event "POL-chT 2st League"]
[Site "Mrzezyno"]
[Date "2010.09.05"]
[Round "2.17"]
[White "Krzywda, Andrzej"]
[Black "Sapeta, Robert"]
[Result "1/2-1/2"]
[WhiteElo "2159"]
[BlackElo "2098"]
[PlyCount "95"]
[EventDate "2010.09.04"]
[EventType "team-swiss"]
[EventRounds "9"]
[EventCountry "POL"]
[SourceTitle "EXT 2019"]
[Source "ChessBase"]
[SourceDate "2018.10.10"]
[SourceVersion "1"]
[SourceVersionDate "2018.10.10"]
[SourceQuality "1"]
[WhiteTeam "Chroscice LZS Victoria"]
[BlackTeam "Pawlowice GKS Pniowek 74"]
[WhiteTeamCountry "POL"]
[BlackTeamCountry "POL"]

1. d4 Nf6 2. c4 g6 3. Nc3 Bg7 4. e4 d6 5. Nf3 0-0 6. Be2 e5 7. 0-0 Nc6 8. d5 Ne7 9. Ne1 Nd7 10. f3 f5 11. Nd3 c5 12. Rb1 Nf6 13. b4 b6 14. bxc5 bxc5 15. Bd2 Nh5 16. Rb3 Kh8 17. Qb1 Ba6 18. Nb5 Ng8 19. exf5 gxf5 20. f4 Bxb5 21. Rxb5 Nhf6 22. Nf2 e4 23. Nd1 Rb8 24. Ne3 Nh6 25. Bc3 Nd7 26. Bxg7+ Kxg7 27. Qb2+ Qf6 28. Qxf6+ Kxf6 29. Rfb1 Rxb5 30. Rxb5 Rb8 31. h3 Rxb5 32. cxb5 Nb6 33. g4 fxg4 34. hxg4 Ng8 35. g5+ Kg6 36. Bd1 h6 37. gxh6 Kxh6 38. Nf5+ Kg6 39. Nxd6 Nxd5 40. Nxe4 Kf5 41. Nxc5 Kxf4 42. a4 Nc3 43. Bb3 Ne7 44. Ne6+ Ke5 45. Nd8 Kd6 46. Kf2 Kc7 47. Ne6+ Kb6 48. Ke3 1/2-1/2

[Event "POL-chT 2nd League"]
[Site "Miedzyzdroje"]
[Date "2009.09.16"]
[Round "5"]
[White "Safanowski, Tomasz"]
[Black "Sapeta, Robert"]
[Result "0-1"]
[WhiteElo "1797"]
[BlackElo "2104"]
[PlyCount "66"]
[EventDate "2009.09.12"]
[EventType "team-swiss"]
[EventRounds "9"]
[EventCountry "POL"]
[SourceTitle "EXT 2019"]
[Source "ChessBase"]
[SourceDate "2018.10.10"]
[SourceVersion "1"]
[SourceVersionDate "2018.10.10"]
[SourceQuality "1"]
[WhiteTeam "Lomza Devo Maraton"]
[BlackTeam "Pawlowice GKS Pniowek 74"]
[WhiteTeamCountry "POL"]
[BlackTeamCountry "POL"]

1. d4 d6 2. c4 e5 3. dxe5 dxe5 4. Qxd8+ Kxd8 5. Nc3 c6 6. Nf3 f6 7. e3 Be6 8. b3 Nd7 9. Bb2 Nh6 10. Bd3 Nc5 11. Bc2 Kc7 12. 0-0-0 a5 13. h3 Nf7 14. Rd2 a4 15. Rhd1 axb3 16. axb3 b5 17. b4 Na6 18. cxb5 Nxb4 19. Be4 Ra5 20. bxc6 Nd6 21. Nd5+ Bxd5 22. Bxd5 Be7 23. Ne1 Rb8 24. Be6 Rb6 25. Nd3 Rxc6+ 26. Kb1 Ne4 27. Bf5 Nxd2+ 28. Rxd2 Nxd3 29. Rxd3 Bd6 30. Bxh7 Rb5 31. Rd2 Rcb6 32. Bd3 Rb3 33. Kc1 Rxb2 0-1

[Event "POL-chT 2nd League"]
[Site "Miedzyzdroje"]
[Date "2009.09.12"]
[Round "1"]
[White "Andrae, Dirk"]
[Black "Sapeta, Robert"]
[Result "0-1"]
[WhiteElo "2094"]
[BlackElo "2104"]
[PlyCount "70"]
[EventDate "2009.09.12"]
[EventType "team-swiss"]
[EventRounds "9"]
[EventCountry "POL"]
[SourceTitle "EXT 2019"]
[Source "ChessBase"]
[SourceDate "2018.10.10"]
[SourceVersion "1"]
[SourceVersionDate "2018.10.10"]
[SourceQuality "1"]
[WhiteTeam "Gliwice Roszada Sikornik"]
[BlackTeam "Pawlowice GKS Pniowek 74"]
[WhiteTeamCountry "POL"]
[BlackTeamCountry "POL"]

1. c4 g6 2. Nc3 Bg7 3. Nf3 c5 4. e3 Nf6 5. Be2 0-0 6. 0-0 Nc6 7. a3 d6 8. h3 e5 9. d4 Bf5 10. d5 Ne7 11. Nd2 Ne8 12. b4 b6 13. Bb2 Bd7 14. Qb3 f5 15. a4 a5 16. bxa5 bxa5 17. Nb5 Qb6 18. Bc3 Nc7 19. Qb2 Na6 20. f4 Bh6 21. Nb3 Nb4 22. fxe5 Bxe3+ 23. Kh1 dxe5 24. Bxe5 f4 25. Kh2 g5 26. Nd2 Qh6 27. Ne4 g4 28. Bxg4 Bxg4 29. Nf6+ Rxf6 30. Bxf6 Nf5 31. Qe5 f3 32. Qe6+ Kf8 33. Rae1 Qf4+ 34. Kh1 fxg2+ 35. Kxg2 Qg3+ 0-1

[Event "POL-chT 2nd League"]
[Site "Ustron"]
[Date "2008.09.06"]
[Round "1.34"]
[White "Sapeta, Robert"]
[Black "Maciaga, Marcin"]
[Result "0-1"]
[WhiteElo "2122"]
[BlackElo "2180"]
[PlyCount "81"]
[EventDate "2008.09.06"]
[EventType "team-swiss"]
[EventRounds "9"]
[EventCountry "POL"]
[SourceTitle "EXT 2015"]
[Source "ChessBase"]
[SourceDate "2014.11.20"]
[SourceVersion "1"]
[SourceVersionDate "2014.11.20"]
[SourceQuality "1"]
[WhiteTeam "Pawlowice GKS Pniowek 74"]
[BlackTeam "Zielonka Zieloni OKiS"]
[WhiteTeamCountry "POL"]
[BlackTeamCountry "POL"]

1. e4 c5 2. Nf3 Nc6 3. d4 cxd4 4. Nxd4 e6 5. Nc3 Qc7 6. g3 a6 7. Be3 b5 8. Bg2 Bb7 9. 0-0 Nf6 10. Qe2 Be7 11. Rad1 0-0 12. f4 b4 13. Na4 d5 14. e5 Ne4 15. Bxe4 dxe4 16. Nb3 Na7 17. Nb6 Rad8 18. Qc4 Nb5 19. Qxc7 Nxc7 20. Nc5 Nd5 21. Nxd5 Bxd5 22. Nb3 a5 23. Nxa5 Ra8 24. Nb3 Rxa2 25. Bd4 Rc8 26. Rd2 e3 27. Bxe3 Rxb2 28. Na1 h5 29. Kf2 Kh7 30. h4 Kg6 31. Rfd1 Kf5 32. Bd4 Bc5 33. Ke3 Bxd4+ 34. Rxd4 Ra8 35. R4d3 Kg4 36. Kd4 Rba2 37. Nb3 Rxc2 38. Nd2 Rc3 39. Nb1 Rxd3+ 40. Rxd3 Ra2 41. Nd2 0-1

[Event "POL-chT 2nd League"]
[Site "Wysowa"]
[Date "2007.09.06"]
[Round "4"]
[White "Sapeta, Robert"]
[Black "Malecki, Rafal"]
[Result "0-1"]
[WhiteElo "2117"]
[BlackElo "2158"]
[PlyCount "100"]
[EventDate "2007.09.03"]
[EventType "team-swiss"]
[EventRounds "9"]
[EventCountry "POL"]
[SourceTitle "EXT 2010"]
[Source "ChessBase"]
[SourceDate "2010.11.25"]
[SourceVersion "1"]
[SourceVersionDate "2010.11.25"]
[SourceQuality "1"]
[WhiteTeam "Pawlowice GKS Pniowek 74"]
[BlackTeam "Chroscice LZS Victoria"]
[WhiteTeamCountry "POL"]
[BlackTeamCountry "POL"]

1. e4 d6 2. d4 Nf6 3. Nc3 g6 4. Bg5 Bg7 5. f4 h6 6. Bh4 c5 7. e5 Nh5 8. Bb5+ Bd7 9. Qd2 cxd4 10. Qxd4 dxe5 11. fxe5 Bxb5 12. Qxd8+ Kxd8 13. Nxb5 g5 14. Bf2 Nc6 15. 0-0-0+ Kc8 16. g4 Nf4 17. Nf3 a6 18. Nbd4 Nxe5 19. Nxe5 Bxe5 20. Nf5 e6 21. Ne3 b5 22. Rhe1 f6 23. c4 Kc7 24. Kb1 Rad8 25. cxb5 Rxd1+ 26. Rxd1 axb5 27. Nc2 Nd5 28. h3 h5 29. Bd4 Bd6 30. Rc1 Kb7 31. Rd1 Kc6 32. h4 gxh4 33. g5 Rf8 34. Bxf6 Nxf6 35. Nd4+ Kd7 36. gxf6 Rxf6 37. Nxb5 e5 38. Kc2 Kc6 39. Nxd6 Rxd6 40. Re1 Kd5 41. Rh1 Rc6+ 42. Kd3 Rc4 43. Rh2 Rg4 44. Kc3 Rg3+ 45. Kb4 h3 46. a4 e4 47. a5 e3 48. a6 Kc6 49. Rc2+ Kb6 50. Rh2 e2 0-1

[Event "Raciborz op"]
[Site "Raciborz"]
[Date "2007.02.19"]
[Round "5"]
[White "Sapeta, Robert"]
[Black "Hiszczynski, Jakub"]
[Result "1/2-1/2"]
[WhiteElo "2120"]
[BlackElo "2000"]
[PlyCount "74"]
[EventDate "2007.02.17"]
[EventType "swiss"]
[EventRounds "9"]
[EventCountry "POL"]
[SourceTitle "EXT 2011"]
[Source "ChessBase"]
[SourceDate "2010.11.26"]
[SourceVersion "1"]
[SourceVersionDate "2010.11.26"]
[SourceQuality "1"]

1. d4 Nf6 2. Bg5 e6 3. e4 Be7 4. Nd2 d6 5. Bd3 e5 6. d5 Nxd5 7. Bh6 Nf4 8. Bxf4 exf4 9. Qf3 Bf6 10. 0-0-0 Be5 11. g3 fxg3 12. hxg3 Qf6 13. Qxf6 Bxf6 14. f4 Nc6 15. Ngf3 Be6 16. a3 0-0-0 17. f5 Bd7 18. Bc4 Ne5 19. Nxe5 Bxe5 20. Bxf7 Bxg3 21. Rdg1 Be5 22. Nf3 Bf6 23. Ng5 Rdf8 24. Bd5 Bxg5+ 25. Rxg5 c6 26. Bb3 g6 27. fxg6 hxg6 28. Rxh8 Rxh8 29. Rxg6 Kc7 30. Kd2 Re8 31. Kd3 d5 32. Rg7 Rxe4 33. c4 Kd6 34. cxd5 Bf5 35. Kd2 Rd4+ 36. Ke2 Re4+ 37. Kd2 Rd4+ 1/2-1/2

[Event "POL-chT 2nd League"]
[Site "Lublin"]
[Date "2006.09.07"]
[Round "6.58"]
[White "Sapeta, Robert"]
[Black "Lercel, Michal"]
[Result "1/2-1/2"]
[WhiteElo "2121"]
[BlackElo "2197"]
[PlyCount "106"]
[EventDate "2006.09.02"]
[EventType "team-swiss"]
[EventRounds "9"]
[EventCountry "POL"]
[SourceTitle "EXT 2019"]
[Source "ChessBase"]
[SourceDate "2018.10.10"]
[SourceVersion "1"]
[SourceVersionDate "2018.10.10"]
[SourceQuality "1"]
[WhiteTeam "Pniowek 74"]
[BlackTeam "Wroclaw AZS Politechnika"]
[WhiteTeamCountry "POL"]
[BlackTeamCountry "POL"]

1. e4 c5 2. Nf3 Nc6 3. d4 cxd4 4. Nxd4 e5 5. Nb5 d6 6. N1c3 a6 7. Na3 b5 8. Nd5 Nce7 9. Bg5 h6 10. Qh5 g6 11. Qh4 hxg5 12. Qxh8 Nxd5 13. exd5 Nf6 14. Be2 Bf5 15. 0-0 Rc8 16. c4 b4 17. Nb1 Qe7 18. Nd2 Kd7 19. Rfe1 g4 20. Qh4 a5 21. Qg5 Nxd5 22. Qxe7+ Nxe7 23. b3 Bg7 24. a3 e4 25. Ra2 Bc3 26. Rd1 bxa3 27. Nb1 Bb4 28. Nxa3 Be6 29. Nb5 f5 30. Ra4 Nc6 31. Nxd6 Bxd6 32. c5 Bxb3 33. Rxd6+ Ke7 34. Ra3 a4 35. Ba6 Rc7 36. Rxg6 Nb4 37. Rg7+ Kd8 38. Rxc7 Kxc7 39. Bb5 Nc2 40. Rxa4 Bxa4 41. Bxa4 Nd4 42. h4 gxh3 43. gxh3 f4 44. Kf1 Nf3 45. Bd1 Nh4 46. Ba4 Nf3 47. Bc2 e3 48. fxe3 fxe3 49. Ba4 Nd2+ 50. Ke2 Ne4 51. h4 Nxc5 52. Kxe3 Kd6 53. Kf4 Ke7 1/2-1/2

[Event "POL-chT 2nd League"]
[Site "Lublin"]
[Date "2006.09.06"]
[Round "5.52"]
[White "Mazalon, Mariusz"]
[Black "Sapeta, Robert"]
[Result "1-0"]
[WhiteElo "2096"]
[BlackElo "2121"]
[PlyCount "75"]
[EventDate "2006.09.02"]
[EventType "team-swiss"]
[EventRounds "9"]
[EventCountry "POL"]
[SourceTitle "EXT 2019"]
[Source "ChessBase"]
[SourceDate "2018.10.10"]
[SourceVersion "1"]
[SourceVersionDate "2018.10.10"]
[SourceQuality "1"]
[WhiteTeam "Bydgoszcz Chemik"]
[BlackTeam "Pniowek 74"]
[WhiteTeamCountry "POL"]
[BlackTeamCountry "POL"]

1. d4 Nf6 2. Nf3 g6 3. c4 Bg7 4. Nc3 0-0 5. e4 d6 6. h3 e5 7. d5 c6 8. Bg5 h6 9. Be3 b5 10. dxc6 Qa5 11. Nd2 Nxc6 12. Nb3 Qd8 13. cxb5 Ne7 14. Be2 Bb7 15. Bf3 Ne8 16. 0-0 f5 17. exf5 Bxf3 18. Qxf3 gxf5 19. Rad1 f4 20. Bc5 Qb8 21. Ba3 Rf6 22. Na5 Rg6 23. Nc6 Nxc6 24. bxc6 Qc8 25. Kh2 Kh8 26. Rc1 Qf5 27. Rfe1 Nc7 28. Nd5 e4 29. Ne7 exf3 30. Nxf5 fxg2 31. Bxd6 Nb5 32. Bxf4 Bxb2 33. Rc5 a6 34. c7 Na7 35. Bg3 Nc6 36. Kxg2 Rc8 37. Kh1 Kh7 38. Rd1 1-0

[Event "POL-chT 2nd League"]
[Site "Lublin"]
[Date "2006.09.03"]
[Round "2.34"]
[White "Sapeta, Robert"]
[Black "Wisniewski, Przemyslaw"]
[Result "1/2-1/2"]
[WhiteElo "2121"]
[BlackElo "2140"]
[PlyCount "35"]
[EventDate "2006.09.02"]
[EventType "team-swiss"]
[EventRounds "9"]
[EventCountry "POL"]
[SourceTitle "EXT 2019"]
[Source "ChessBase"]
[SourceDate "2018.10.10"]
[SourceVersion "1"]
[SourceVersionDate "2018.10.10"]
[SourceQuality "1"]
[WhiteTeam "Pniowek 74"]
[BlackTeam "Znin Baszta"]
[WhiteTeamCountry "POL"]
[BlackTeamCountry "POL"]

1. e4 c5 2. Nf3 Nc6 3. Bb5 g6 4. Bxc6 bxc6 5. 0-0 Bg7 6. Re1 e5 7. b3 Ne7 8. Bb2 d6 9. c3 Bg4 10. d4 Bxf3 11. gxf3 cxd4 12. cxd4 0-0 13. dxe5 Bxe5 14. Bxe5 dxe5 15. Qxd8 Rfxd8 16. Na3 Rd3 17. Nc4 f6 18. Re3 1/2-1/2

[Event "POL-chT 2nd League"]
[Site "Wysowa"]
[Date "2005.09.04"]
[Round "9.68"]
[White "Sapeta, Robert"]
[Black "Wozniak, Maciej"]
[Result "1-0"]
[WhiteElo "2133"]
[BlackElo "2186"]
[PlyCount "101"]
[EventDate "2005.08.27"]
[EventType "team-swiss"]
[EventRounds "9"]
[EventCountry "POL"]
[SourceTitle "EXT 2019"]
[Source "ChessBase"]
[SourceDate "2018.10.10"]
[SourceVersion "1"]
[SourceVersionDate "2018.10.10"]
[SourceQuality "1"]
[WhiteTeam "Pawlowice GKS Pniowek 74"]
[BlackTeam "Rzeszow Zelmer II"]
[WhiteTeamCountry "POL"]
[BlackTeamCountry "POL"]

1. d4 d5 2. Nc3 Bf5 3. f3 Nf6 4. Bg5 Nbd7 5. Nxd5 Nxd5 6. e4 f6 7. Bd2 Be6 8. exd5 Bxd5 9. Bd3 e5 10. Qe2 Be7 11. c4 Bf7 12. d5 a5 13. f4 0-0 14. Nh3 Bc5 15. 0-0-0 Bd4 16. Be3 Re8 17. Bxd4 exd4 18. Qf2 Re3 19. Bc2 Qe7 20. Rxd4 Re8 21. Rhd1 Nc5 22. Ng1 Re1 23. Nf3 Re2 24. Qf1 Qe3+ 25. Kb1 Bg6 26. f5 Rxc2 27. fxg6 Re2 28. gxh7+ Kxh7 29. Rh4+ Kg8 30. Rhd4 Na4 31. R1d2 Rxd2 32. Rxd2 Nc5 33. Rd1 Qe4+ 34. Ka1 Qf4 35. Re1 Ra8 36. b3 a4 37. b4 Ne4 38. Qd3 f5 39. a3 Qg4 40. Re2 Qg6 41. Qd4 Qh6 42. Kb2 Re8 43. h3 Qf4 44. h4 Kf8 45. Ng5 Qe5 46. Qxe5 Rxe5 47. Ne6+ Kf7 48. Nxc7 Ke7 49. Ne6 g6 50. Nc5 Kf6 51. Nd7+ 1-0

[Event "POL-chT2 South U19"]
[Site "Rudnik"]
[Date "2000.??.??"]
[Round "10.1"]
[White "Becker, Bartosz"]
[Black "Sapeta, Robert"]
[Result "1/2-1/2"]
[WhiteElo "2049"]
[BlackElo "2060"]
[PlyCount "100"]
[EventDate "2000.07.20"]
[EventType "team-swiss"]
[EventRounds "10"]
[EventCountry "POL"]
[SourceTitle "EXT 2005"]
[Source "ChessBase"]
[SourceDate "2004.11.15"]
[SourceVersion "1"]
[SourceVersionDate "2004.11.15"]
[SourceQuality "1"]
[WhiteTeam "Rybnik MKSz U19 II"]
[BlackTeam "Wisla Strumien U19"]
[WhiteTeamCountry "POL"]
[BlackTeamCountry "POL"]

1. b3 e5 2. Bb2 Nc6 3. e3 d5 4. Bb5 Bd6 5. Ne2 Bd7 6. 0-0 Nf6 7. Bxc6 Bxc6 8. f4 e4 9. a4 h5 10. Qe1 h4 11. Nbc3 Nh5 12. Nd1 f5 13. Nf2 Rg8 14. Nh3 Be7 15. Nd4 Bd7 16. Qe2 g6 17. c4 c5 18. Nc2 Be6 19. Na3 Qb6 20. Qd1 dxc4 21. Be5 cxb3 22. Qc1 Rc8 23. Qb2 c4 24. Nb1 Bf7 25. Nc3 a6 26. Ne2 Kd7 27. Rfc1 Rgd8 28. Nd4 Ke8 29. Nf2 Bb4 30. Nd1 Bd5 31. Nc3 Bxc3 32. dxc3 Kf7 33. a5 Qc5 34. Rcb1 Nf6 35. Qf2 Rh8 36. Ne2 Ng4 37. Bd4 Qe7 38. Qe1 Rhg8 39. h3 Nh6 40. Ra4 Qd7 41. Rb4 Qe7 42. Rd1 Rgd8 43. Rd2 Be6 44. Qa1 Rd5 45. Rb2 Rb5 46. Ra4 Rc6 47. Bb6 g5 48. fxg5 Qxg5 49. Bd4 Rd6 50. Qf1 Ke8 1/2-1/2

[Event "POL-chT2 South U19"]
[Site "Rudnik"]
[Date "2000.??.??"]
[Round "8.1"]
[White "Sapeta, Robert"]
[Black "Jasik, Krzysztof"]
[Result "0-1"]
[WhiteElo "2060"]
[BlackElo "2227"]
[PlyCount "60"]
[EventDate "2000.07.20"]
[EventType "team-swiss"]
[EventRounds "10"]
[EventCountry "POL"]
[SourceTitle "EXT 2005"]
[Source "ChessBase"]
[SourceDate "2004.11.15"]
[SourceVersion "1"]
[SourceVersionDate "2004.11.15"]
[SourceQuality "1"]
[WhiteTeam "Wisla Strumien U19"]
[BlackTeam "Jasien LKS ZPD U19"]
[WhiteTeamCountry "POL"]
[BlackTeamCountry "POL"]

1. d4 Nf6 2. c4 c5 3. d5 e6 4. Nc3 exd5 5. cxd5 d6 6. e4 g6 7. Nf3 Bg7 8. Be2 0-0 9. 0-0 a6 10. a4 Bg4 11. h3 Bxf3 12. Bxf3 Nbd7 13. Bf4 Qc7 14. Qd2 Rfe8 15. g4 Ne5 16. Be2 Qc8 17. Bxe5 Rxe5 18. f3 Re8 19. Kg2 Nd7 20. Bc4 Qd8 21. a5 f5 22. exf5 gxf5 23. Bd3 fxg4 24. fxg4 Ne5 25. Rf5 Ng6 26. Rh5 Rf8 27. Bf5 Nh4+ 28. Kh1 Nxf5 29. gxf5 Qe8 30. Qg5 Qe5 0-1

[Event "POL-chT2 South U19"]
[Site "Rudnik"]
[Date "2000.??.??"]
[Round "1.1"]
[White "Sapeta, Robert"]
[Black "Krajewski, Radoslaw"]
[Result "1-0"]
[WhiteElo "2060"]
[BlackElo "2079"]
[PlyCount "84"]
[EventDate "2000.07.20"]
[EventType "team-swiss"]
[EventRounds "10"]
[EventCountry "POL"]
[SourceTitle "EXT 2005"]
[Source "ChessBase"]
[SourceDate "2004.11.15"]
[SourceVersion "1"]
[SourceVersionDate "2004.11.15"]
[SourceQuality "1"]
[WhiteTeam "Wisla Strumien U19"]
[BlackTeam "POL-chT2 South U19 2"]
[WhiteTeamCountry "POL"]
[BlackTeamCountry "POL"]

1. d4 d6 2. e4 Nf6 3. Nc3 c6 4. a4 a5 5. Bg5 Nbd7 6. f4 Qb6 7. Ra3 e5 8. Nf3 exd4 9. Rb3 Qc7 10. Qxd4 Nc5 11. Ra3 Ne6 12. Qd2 d5 13. Bxf6 Bxa3 14. exd5 gxf6 15. bxa3 Nxf4 16. d6 Nxg2+ 17. Bxg2 Qb6 18. Qh6 f5 19. Kd2 Rg8 20. Re1+ Be6 21. Rxe6+ Kd7 22. Re7+ Kc8 23. Re2 Kb8 24. Qf4 Ka7 25. Bh3 Rad8 26. Bxf5 Qc5 27. Ne4 Qxa3 28. Qe3+ Qxe3+ 29. Rxe3 b5 30. Rd3 Kb6 31. Ne5 f6 32. Nd7+ Ka7 33. Ndxf6 Rgf8 34. Bxh7 c5 35. d7 c4 36. Rd6 bxa4 37. Nc5 a3 38. Ra6+ Kb8 39. Kc3 Rf7 40. Bf5 Rdf8 41. Be4 Re7 42. Ra8+ Kc7 1-0